Retrouve les chansons de Slimane - Statistiques

Statistiques générales
  • Ce quiz a été pris 35 fois
  • Le résultat moyen est 14 sur 21
Answers on the Grid
Answers color-coded by a green-red scale on the quiz's grid according to % correct below.
Complémentaires
Conmigo
Outété
Abîmée
Avant toi
La recette
Mieux que moi
A nos héros du quotidien
Chez toi
Ca va ça vient
Pas beaux
Les roses du Bois de Boulogne
Mon amour
VerSuS
Paname
Le vide
Résister (what about Peace?)
Sur ma route
Je te le donne
Luna
Adieu
Ca ira
Danse de la brioche
Viens on s'aime
De l'or
Des milliers de je t’aime
J'en suis là
Piano piano
Clic clic pan pan
Le sens de la vie
 
Statistiques - réponses
Réponse % Correct
Avant toi
100%
Des milliers de je t’aime
96%
Paname
92%
Viens on s'aime
92%
Mon amour
88%
Ca va ça vient
85%
Je te le donne
81%
VerSuS
77%
Adieu
69%
La recette
65%
Mieux que moi
65%
Pas beaux
62%
De l'or
58%
J'en suis là
54%
Résister (what about Peace?)
54%
Ca ira
50%
Le vide
50%
Luna
50%
Abîmée
46%
Chez toi
46%
Les roses du Bois de Boulogne
42%
Aucun quiz correspondant
Distribution des résultats
% des personnes avec chaque résultat
Percentile par nombre de réponses
Votre historique - résultats
Vous n’avez pas pris ce quiz